| 000 | 00310nam a2200109Ia 4500 | ||
|---|---|---|---|
| 999 |
_c95221 _d95221 |
||
| 003 | 0100 | ||
| 005 | 20171017124554.0 | ||
| 008 | 130307s9999 xx 000 0 und d | ||
| 040 | _cARRUPELIB | ||
| 050 | _aB765.T54P3 | ||
| 100 |
_aPegues, Thomas _937181 |
||
| 245 |
_aCatechism of the "Summa Theologica" of Saint Thomas Aquinas for the use of the faithful _cThomas Pegues |
||
| 260 |
_aNew York _bBenziger Brothers _c1922 |
||
| 600 |
_aThomas Aquinas, St. _xsumma theologiae _937146 |
||
| 942 |
_2lcc _cMONOGRAPH |
||